| 000 | 00372nam a2200145Ia 4500 | ||
|---|---|---|---|
| 100 | _aSharma/P.C | ||
| 650 | _aProduction technology | ||
| 942 | _cBK | ||
| 654 | _aproduction technology | ||
| 245 | _aTextbook of production technology(Manufacturing processes) | ||
| 260 |
_bS.Chand and Co. _aMumbai _c2008 |
||
| 082 |
_a670/SHA _bSHA |
||
| 300 | _a821 | ||
| 546 | _aENGLISH | ||
| 999 |
_c21019 _d21019 |
||